Top 100 Biggest Cities in France - Statistics

General Stats
  • This quiz has been taken 105 times
  • The average score is 40 of 100
Answer Stats
Hint Answer % Correct
3. Lyon
100%
1. Paris
100%
2. Marseille
99%
5. Nice
97%
9. Bordeaux
93%
10. Lille
93%
7. Strasbourg
93%
4. Toulouse
93%
6. Nantes
88%
11. Rennes
83%
23. Brest
82%
13. Le Havre
79%
8. Montpellier
79%
19. Dijon
76%
60. Calais
74%
18. Grenoble
72%
32. Metz
72%
12. Reims
71%
28. Clermont-Ferrand
70%
15. Saint-Etienne
70%
36. Caen
68%
33 Rouen
68%
16. Toulon
67%
38. Nancy
64%
20. Nimes
64%
26. Tours
64%
44. Avignon
63%
64. Cannes
63%
35. Perpignan
62%
48. Versailles
62%
25. Amiens
61%
31. Orleans
61%
62. Dunkirk
59%
24. Le Mans
59%
17. Angers
58%
40. Saint-Denis
55%
27. Limoges
54%
92. Ajaccio
53%
21. Aix-en-Provence
49%
81. La Roche-sur-Yon
49%
34. Mulhouse
47%
55. La Rochelle
46%
70. Quimper
45%
51. Pau
43%
68. Colmar
38%
41. Roubaix
38%
79. Troyes
38%
37. Boulogne-Billancourt
37%
47. Poitiers
37%
82. Lorient
34%
46. Nanterre
33%
29. Villeurbanne
33%
66. Bourges
30%
50. Creteil
30%
99. Arles
29%
42. Tourcoing
28%
69. Valence
26%
39. Argenteuil
25%
67. Saint-Nazaire
24%
43. Montreuil
22%
61. Beziers
21%
58. Antibes
20%
100. Beauvais
20%
90. Niort
20%
76. Chambery
18%
88. Cergy
17%
14. Cergy-Pontoise
17%
77. Issy-les-Moulineaux
17%
78. Neuilly-sur-Seine
17%
91. Belfort
16%
93. Vannes
16%
63. Aubervilliers
14%
80. Antony
13%
85. Ivry-sur-Seine
13%
83. Sarcelles
12%
54. Aulnay-sous-Bois
11%
71. Drancy
11%
65. Merignac
11%
72. Noisy-le-Grand
11%
73. Villeneuve-d'Ascq
11%
52. Colombes
9%
49. Courbevoie
9%
84. Pessac
9%
87. Venissieux
9%
53. Vitry-sur-Seine
9%
97. Blois
8%
98. Brive-la-Gaillarde
8%
86. Evreux
8%
89. Saint-Quentin
8%
45. Asnieres-Sur-Seine
7%
56. Champigny-sur-Marne
7%
74. La Seyne-sur-Mer
7%
57. Rueil-Malmaison
7%
22. Saint-Quentin-en-Yvelines
5%
75. Levallois-Perret
4%
96. Meaux
4%
95. Maisons-Alfort
3%
59. Saint-Maur-des-Fosses
3%
94. Sartrouville
3%
30. Basencon
0%
No matching quizzes found
Score Distribution
Percent of People with Each Score
Percentile by Number Answered
Your Score History
You have not taken this quiz